What does the literature tell us about the social and economic impact of housing? (Record no. 110765)
[ view plain ]
| 000 -LEADER | |
|---|---|
| fixed length control field | 01087cad a22002415a 4500 |
| 001 - CONTROL NUMBER | |
| control field | E150165 |
| 008 - FIXED-LENGTH DATA ELEMENTS--GENERAL INFORMATION | |
| fixed length control field | 100609s2010 xxk f s000 0 eng d |
| 020 ## - INTERNATIONAL STANDARD BOOK NUMBER | |
| International Standard Book Number | 9780755993819 |
| 035 ## - SYSTEM CONTROL NUMBER | |
| System control number | (Sirsi) u150165 |
| 041 0# - LANGUAGE CODE | |
| Language code of text/sound track or separate title | eng |
| 100 2# - MAIN ENTRY--PERSONAL NAME | |
| Personal name | Monk, Sarah |
| 245 00 - TITLE STATEMENT | |
| Title | What does the literature tell us about the social and economic impact of housing? |
| Remainder of title | report to the Scottish Government, Communities Analytical Services |
| Medium | [electronic resource] |
| 260 ## - PUBLICATION, DISTRIBUTION, ETC. | |
| Place of publication, distribution, etc. | Edinburgh |
| Name of publisher, distributor, etc. | Scottish Government |
| Date of publication, distribution, etc. | 2010 |
| 520 ## - SUMMARY, ETC. | |
| Summary, etc. | A review of current literature related to the social and economic impact of housing. The literature review is part of a larger review which looks at the links between the Scottish housing sector and the economy. |
| 521 ## - TARGET AUDIENCE NOTE | |
| Target audience note | Advance |
| 590 ## - LOCAL NOTE (RLIN) | |
| Local note | KA |
| 651 #4 - SUBJECT ADDED ENTRY--GEOGRAPHIC NAME | |
| Geographic name | Scotland |
| Chronological subdivision | 1999- |
| 690 ## - LOCAL SUBJECT ADDED ENTRY--TOPICAL TERM (OCLC, RLIN) | |
| Topical term or geographic name as entry element | PROPERTY-RESIDENTIAL PROPERTY-DOMESTIC RESIDENTIAL PROPERTY-HOUSING |
| 700 1# - ADDED ENTRY--PERSONAL NAME | |
| Personal name | Tang, Connie |
| 700 1# - ADDED ENTRY--PERSONAL NAME | |
| Personal name | Whitehead, Christine |
| 856 40 - ELECTRONIC LOCATION AND ACCESS | |
| Uniform Resource Identifier | <a href="https://www.scotland.gov.uk/Publications/2010/06/01113008/0">https://www.scotland.gov.uk/Publications/2010/06/01113008/0</a> |
| Public note | View the report free of charge at www.scotland.gov.uk... |
| 942 ## - ADDED ENTRY ELEMENTS (KOHA) | |
| Suppress in OPAC | 0 |
| Withdrawn status | Lost status | Source of classification or shelving scheme | Damaged status | Not for loan | Home library | Current library | Shelving location | Date acquired | Total Checkouts | Full call number | Barcode | Date last seen | Copy number | Price effective from | Koha item type |
|---|---|---|---|---|---|---|---|---|---|---|---|---|---|---|---|
| Dewey Decimal Classification | Virtual | Virtual | Online | 09/06/2010 | ONLINE PUBLICATION | 150165-2001 | 06/08/2019 | 1 | 06/08/2019 | Book |